Vplyv Medzinárodného menového fondu pri riešení finančných kríz vo svete diplomová práca

Guardado en:
Detalles Bibliográficos
Autor principal: Križanová, Gabriela
Autor Corporativo: Národohospodárska fakulta EU. Katedra bankovníctva a medzinárodných financií
Otros Autores: Jankovská, Anežka
Formato: Libro
Lenguaje:eslovaco
Publicado: Bratislava 2013
Etiquetas: Agregar Etiqueta
Sin Etiquetas, Sea el primero en etiquetar este registro!

MARC

LEADER 00000nbm a2200000 4500
001 0169329
005 20161109102256.4
041 0 |a slo 
044 |a SK 
245 1 0 |a Vplyv Medzinárodného menového fondu pri riešení finančných kríz vo svete  |b diplomová práca  |c Gabriela Križanová ; školiteľ: Pavol Kolenčík 
264 1 |a Bratislava  |c 2013 
300 |a 93 s. 
100 1 |a Križanová, Gabriela 
700 1 |a Jankovská, Anežka 
710 2 |a Národohospodárska fakulta EU. Katedra bankovníctva a medzinárodných financií